| 000 | 01181cam a2200301 a 4500 | ||
|---|---|---|---|
| 999 |
_c41512 _d41512 |
||
| 001 | 15561371 | ||
| 003 | OSt | ||
| 005 | 20220919110838.0 | ||
| 008 | 081218s2009 enka b 001 0 eng | ||
| 010 | _a 2008053176 | ||
| 015 |
_aGBA906371 _2bnb |
||
| 016 | 7 |
_a014883744 _2Uk |
|
| 020 | _a9780521899727 (hbk.) | ||
| 020 | _a0521899729 (hbk.) | ||
| 035 | _a(OCoLC)ocn289070721 | ||
| 040 |
_aDLC _cDLC _dBTCTA _dUKM _dYDXCP _dYDX _dCDX _dC#P _dDLC |
||
| 050 | 0 | 0 |
_aHC85 _b.L96 2009 |
| 082 | 0 | 0 |
_a333.7 _222 _bLYN/S |
| 100 | 1 |
_aLynch, Daniel R. _99088 |
|
| 245 | 1 | 0 |
_aSustainable natural resource management for scientists and engineers / _cDaniel R. Lynch. |
| 260 |
_aCambridge ; _aNew York : _bCambridge University Press, _c2009. |
||
| 300 |
_axvii, 230 p. : _bill. ; _c26 cm. |
||
| 504 | _aIncludes bibliographical references (p. 219-223) and index. | ||
| 650 | 0 |
_aNatural resources _xManagement _xMathematical models. |
|
| 650 | 0 |
_aNatural resources _xEnvironmental aspects _xManagement. |
|
| 942 |
_2ddc _cBK _h333.7 _iLYN/S _k333.7 _mLYN/S |
||